Top 10 Prénoms les plus populaires au monde - Statistiques

Statistiques générales
  • Ce quiz a été pris 1 822 fois
  • Le résultat moyen est 3 sur 10
Statistiques - réponses
Sexe Prénoms % Correct
H John | Juan | Jean | Joan | João | Johnny | Yvan | Ivan | Evan | Shawn | Shane | Johannes | Johan | Giovanni | Hans | Jan | Jonathan
64%
F Marie | Mary | Maria | Mariah | Maureen | Mariette | Marielle
56%
H Mohammed | Mohamed | Muhammad | Mamadou | Mehmet | Ahmad | Ahmed
44%
F Emma | Ema | Emmanuelle | Imma
39%
F Anna | Anne | Ana | Ann | Annie | Hannah | Annabelle | Anita | Nancy | Anouk | Anaïs | Nina | Ninon | Anastasia
27%
H Santiago | Tiago | Diego | Jacques | Jack
20%
F Lili | Lily | Leslie| Lizzie | Livia | Élise | Elizabeth | Elisabeth | Betty
19%
H William | Will | Willy | Liam | Bill | Billy | Wilhelm | Guillaume | Guilherme
16%
H/F Ali | Ally
15%
F Sophie | Sophia | Sofia | Sonia
12%
Aucun quiz correspondant
Distribution des résultats
% des personnes avec chaque résultat
Percentile par nombre de réponses
Votre historique - résultats
Vous n’avez pas pris ce quiz